| 000 -LEADER |
| fixed length control field |
00760cam a22002294a 4500 |
| 020 ## - INTERNATIONAL STANDARD BOOK NUMBER |
| ISBN |
0764576828 (paper/website) |
| 040 ## - CATALOGING SOURCE |
| Transcribing agency |
DLC |
| 082 00 - DEWEY DECIMAL CLASSIFICATION NUMBER |
| Classification number |
005 WIL 2005 A003 Or. |
| 100 1# - MAIN ENTRY--AUTHOR NAME |
| Personal name |
Roman, Ed, |
| 245 10 - TITLE STATEMENT |
| Title |
Mastering Enterprise JavaBeans / |
| 250 ## - EDITION STATEMENT |
| Edition statement |
3rd ed. |
| 260 ## - PUBLICATION, DISTRIBUTION, ETC. (IMPRINT) |
| Place of publication |
Indianapolis, IN : |
| Name of publisher |
Wiley Pub., |
| Year of publication |
c2005. |
| 300 ## - PHYSICAL DESCRIPTION |
| Number of Pages |
xxiv, 815 p. : |
| Other physical details |
ill. ; |
| Dimensions |
24 cm. |
| 500 ## - GENERAL NOTE |
| General note |
Includes index. |
| 650 #0 - SUBJECT ADDED ENTRY--TOPICAL TERM |
| Topical Term |
Java (Computer program language) |
| 700 1# - ADDED ENTRY--PERSONAL NAME |
| Personal name |
Sriganesh, Rima Patel. |
| 700 1# - ADDED ENTRY--PERSONAL NAME |
| Personal name |
Brose, Gerald. |
| 856 41 - ELECTRONIC LOCATION AND ACCESS |
| Uniform Resource Identifier |
http://www.loc.gov/catdir/toc/ecip0422/2004021373.html |
| 856 42 - ELECTRONIC LOCATION AND ACCESS |
| Uniform Resource Identifier |
http://www.loc.gov/catdir/enhancements/fy0616/2004021373-b.html |
| 856 42 - ELECTRONIC LOCATION AND ACCESS |
| Uniform Resource Identifier |
http://www.loc.gov/catdir/enhancements/fy0616/2004021373-d.html |
| 942 ## - ADDED ENTRY ELEMENTS (KOHA) |
| Koha item type |
សៀវភៅភាសាអង់គ្លេស |
| 952 ## - LOCATION AND ITEM INFORMATION (KOHA) |
| Withdrawn status [LOCAL, KOHA] |
0 |